| 000 | 01118naa a22003257a 4500 | ||
|---|---|---|---|
| 001 | BR7503050 | ||
| 003 | BR-BrBNA | ||
| 005 | 20240918173739.0 | ||
| 007 | ta | ||
| 008 | 230509b bl.||||| |||| 00| 0 por d | ||
| 040 |
_aBR-BrBNA _bpor _cBiblioteca Nacional de Agricultura |
||
| 041 | _a(Pt) | ||
| 072 |
_aF25; F22; H50 _b1900 _b3840 |
||
| 090 | _aF25 BR7503050 | ||
| 100 | 1 | _aNeptune, A.M.L. | |
| 111 | 1 |
_a2. Simposio sobre Manejo da Pastagem _cPiracicaba, SP (Brazil) _d24 Mar 1975 |
|
| 245 | 1 | _aAplicacao de calcario em culturas forrageiras [corretivo, calagem] | |
| 260 | 3 |
_aPiracicaba, SP (Brasil): _c1975. |
|
| 500 | _aAnais do 2. Simposio sobre Manejo da Pastagem Piracicaba, SP (Brasil): 1975. p. 49-86 (BR7503050-AM)F25 | ||
| 650 | _aPLANTA FORRAGEIRA | ||
| 650 | _aCALCARIO | ||
| 650 | _aCORRETIVO | ||
| 650 | _aACIDEZ DO SOLO | ||
| 650 | _aCALAGEM | ||
| 650 | _aDEFICIENCIA MINERAL | ||
| 650 | _aTOXIDEZ | ||
| 773 | 0 |
_tAnais do 2. Simposio sobre Manejo da Pastagem _wF25 BR7503050 _gPiracicaba, SP (Brasil), 1975. p. 49-86 |
|
| 909 |
_a202404 _bLucia _c55 _dLucia Elande |
||
| 942 |
_cAM _2AGRIS |
||
| 999 |
_c306613 _d306613 |
||